États des États-Unis (Click) - Statistiques

Statistiques générales
  • Ce quiz a été pris 89 fois
  • Le résultat moyen est 26 sur 50
Statistiques - réponses
Hint Réponse % Correct

Floride
76%

Alaska
73%

Maine
70%

Californie
69%

Hawaï
69%

Washington
66%

Dakota du Nord
64%

Texas
64%

Caroline du Nord
63%

Nevada
63%

Oregon
63%

Michigan
61%

Caroline du Sud
58%

Dakota du Sud
58%

Louisiane
58%

Colorado
57%

Géorgie
57%

Nouveau-Mexique
57%

Arizona
54%

Montana
54%

Oklahoma
54%

Minnesota
52%

État de New York
51%

Illinois
51%

Tennessee
51%

Virginie
51%

Virginie-Occidentale
51%

Idaho
49%

Nebraska
49%

Rhode Island
49%

Vermont
49%

Wyoming
49%

Alabama
48%

Connecticut
48%

Kansas
48%

Massachusetts
48%

Ohio
48%

Delaware
46%

Indiana
46%

Kentucky
46%

Maryland
46%

New Hampshire
46%

Utah
46%

Arkansas
43%

New Jersey
43%

Iowa
40%

Wisconsin
40%

Mississippi
37%

Missouri
37%

Pennsylvanie
10%
Aucun quiz correspondant
Distribution des résultats
% des personnes avec chaque résultat
Percentile par nombre de réponses
Votre historique - résultats
Vous n’avez pas pris ce quiz